书目信息 |
| 题名: |
拉丁美洲的卡斯特罗主义和共产主义(1959-1976)
|
|
| 作者: | 拉特利夫 著 ;王槐挺 译 | |
| 分册: | ||
| 出版信息: | 北京 商务印书馆 1979 |
|
| 页数: | 302页 | |
| 开本: | 20cm | |
| 丛书名: | ||
| 单 册: | ||
| 中图分类: | D181 | |
| 科图分类: | ||
| 主题词: | 国际共产主义运动史--拉丁美洲 | |
| 电子资源: | ||
| ISBN: | ||
| 000 | 00764nam0 2200229 45 | |
| 001 | 0179000939 | |
| 005 | 20060725092231.92 | |
| 010 | @dCNY0.75 | |
| 091 | @a3017.230 | |
| 100 | @a19950712d1979 em y0chiy0121 ea | |
| 101 | 0 | @achi |
| 102 | @aCN@b110000 | |
| 105 | @ay z 000yy | |
| 200 | 10 | @a拉丁美洲的卡斯特罗主义和共产主义(1959-1976)@Ala ding mei zhou de ka si te luo zhu yi he gong chan zhu yi(1959-1976)@e马列主义经验的几种类型@f(美)W·E·拉特利夫著@F(mei)W·E·la te li fu zhu@g王槐挺等译 |
| 210 | @a北京@c商务印书馆@d1979 | |
| 215 | @a302页@d20cm | |
| 606 | @a国际共产主义运动史@y拉丁美洲 | |
| 690 | @aD181@v3 | |
| 701 | 0 | @a拉特利夫@Ala te li fu@4著 |
| 702 | 0 | @a王槐挺@Awang huai ting@4译 |
| 801 | 0 | @aCN@bTSSF@c20060725 |
| 905 | @a10447@dD181@e17 | |
| 拉丁美洲的卡斯特罗主义和共产主义(1959-1976):马列主义经验的几种类型/(美)W·E·拉特利夫著/王槐挺等译.-北京:商务印书馆,1979 |
| 302页;20cm |
| ISBN :CNY0.75 |
| ● |
| 相关链接 |
|
|
|
|
正题名:拉丁美洲的卡斯特罗主义和共产主义(1959-1976)
索取号:D181/17
 
预约/预借
| 序号 | 登录号 | 条形码 | 馆藏地/架位号 | 状态 | 备注 |
| 1 | 0421703 | 204217034 | 密集书库/ [索取号:D181/17] | 在馆 | |
| 2 | 0424922 | 204249223 | 密集书库/ [索取号:D181/17] | 在馆 | |
| 3 | 0426078 | 204260780 | 密集书库/ [索取号:D181/17] | 在馆 |